Σχεδιασμός (σειράς) δραστηριοτήτων για τη διδασκαλία των μοτίβων στο νηπιαγωγείο : διπλωματική εργασία [πτυχιακή εργασία]
Αποθηκεύτηκε σε:
| Κύριος συγγραφέας: | |
|---|---|
| Συγγραφή απο Οργανισμό/Αρχή: | |
| Άλλοι συγγραφείς: | |
| Μορφή: | Thesis Βιβλίο |
| Γλώσσα: | Greek |
| Δημοσίευση: |
2014
|
| Θέματα: | |
| Διαθέσιμο Online: | http://hdl.handle.net/11610/7457 |
| Ετικέτες: |
Προσθήκη ετικέτας
Δεν υπάρχουν, Καταχωρήστε ετικέτα πρώτοι!
|
MARC
| LEADER | 00000cam a2200000 i 4500 | ||
|---|---|---|---|
| 001 | 1/55113 | ||
| 008 | 140908s2014 gre d | ||
| 035 | |l 10118953 | ||
| 040 | |a GR-MY-UA |b gre |e aacr | ||
| 041 | 0 | |a gre | |
| 082 | 0 | |a 372.218 |2 (22) | |
| 100 | 1 | |a Κουρούμαλη, Μαρία. | |
| 245 | 1 | 0 | |a Σχεδιασμός (σειράς) δραστηριοτήτων για τη διδασκαλία των μοτίβων στο νηπιαγωγείο : |b διπλωματική εργασία [πτυχιακή εργασία] / |c Κουρούμαλη Μαρία ; επιβλέπουσα: Σκουμπουρδή Χρυσάνθη |
| 260 | |c 2014 | ||
| 300 | |a 81 σ.; |b εικ., φωτ., σχήμ.; |c 30 εκ. | ||
| 500 | |a Μέλη εξεταστικής επιτροπής: Καλαβάσης Φραγκίσκος, Φεσάκης Γεώργιος | ||
| 502 | # | # | |a Πτυχιακή εργασία – Πανεπιστήμιο Αιγαίου, Ρόδος, 2014. |
| 504 | |a Βιβλιογραφία: σ. 80-81 | ||
| 650 | 0 | 0 | |a Education, Preschool. |
| 650 | 0 | 0 | |a Education, Preschool |x Activity programs. |
| 650 | 0 | 0 | |a Education, Preschool |x Case and studies. |
| 650 | 0 | 0 | |a Kindergarten |x Activity programs. |
| 650 | 0 | 0 | |a Dissertations, Academic |z Greece. |
| 700 | 1 | |a Σκουμπουρδή, Χρυσάνθη. |4 ths | |
| 710 | 2 | |a Πανεπιστήμιο Αιγαίου |b Σχολή Ανθρωπιστικών Επιστημών |b Τμήμα Επιστημών της Προσχολικής Αγωγής και του Εκπαιδευτικού Σχεδιασμού. | |
| 852 | |a INST |b RHODES |c DIATR |e 20140908 |h 372.218 ΚΟΥ |p 005400036690 |q 005400036690 |t DIE |y 23 | ||
| 852 | |a INST |b RHODES |c DIATR |e 20140908 |h 372.218 ΚΟΥ |p 005400036691 |q 005400036691 |t DIE |y 23 | ||
| 856 | |u http://hdl.handle.net/11610/7457 | ||
| 901 | |a BIBL4-2014-3 | ||
| 909 | |a Ρ |b 183192 | ||
| 909 | |a Ρ |b 183193 | ||
| 924 | |a ΚΟΥΡΟΥΜΑΛΗ |b ΜΑΡΙΑ |y ΡΟΔΟΣ |z 2014-07 | ||
| 970 | |z 2014/09/08 | ||